000 01014naa a22002657a 4500
001 BR8707403
003 BR-BrBNA
005 20250721154530.0
007 ta
008 250630b bl.|||m| |||| 00| 0 por d
040 _aBR-BrBNA
_bpor
_cBiblioteca Nacional de Agricultura
041 _a(Pt)
072 _aF50; F30
090 _aF50 BR8707403
100 1 _aVaz, R.L.
111 1 _a1. Simposio Nacional de Cultura de Tecidos Vegetais
_cBrasilia, DF (Brazil)
_d1 Oct 1985
245 1 _aCultura de tecidos: potencial e aplicacao
500 _aAnais do 1. Simposio Nacional de Cultura de Tecidos Vegetais Brasilia, DF (Brasil): 1986. p. 9-10 (BR8707403-AMS)
773 0 _tAnais do 1. Simposio Nacional de Cultura de Tecidos Vegetais
_wF50 BR8707403
_gBrasilia, DF (Brasil), 1986. p. 9-10
650 _aCULTURA DE TECIDO
650 _aENGENHARIA GENETICA
490 _aDocumentos - Centro Nacional de Pesquisa de Hortalicas (Brazil)
_vno. 1
942 _cAMS
_2AGRIS
909 _a202506
_bLúcia
_c55
_dLúcia Elande
999 _c335434
_d335434